=LDR 00000nam 2200000 4500 =001 INLIS000000000022916 =005 20130612121626 =008 ***********************************Ind** =035 ##$$0010-061300000022916 =041 ##$$a Ind =082 ##$$a 630 =090 ##$$a 630, All p =100 ##$$a Allen, Julia =245 ##$$a Pangan dan dunia, Julia, Allen =260 ##$$a 2006 $b Bandung =300 ##$$a 32 hlm, ilus, 28 cm =650 ##$$a Pertanian =850 ##$$a NBPNMAT =990 ##$$a 0001/BPAP-NTB/20142015